Quiz les 21 passeports les plus puissants en 2024 - Statistiques

Statistiques générales
  • Ce quiz a été pris 201 fois
  • Le résultat moyen est 16 sur 21
Statistiques - réponses
Classement Pays % Correct
1: 194 destinations France
99%
5: 194 destinations Espagne
95%
2: 194 destinations Italie
91%
6: 194 destinations Allemagne
88%
3: 194 destinations Japon
88%
9: 193 destinations Suède
85%
17: 191 destinations Portugal
83%
21: 190 destinations Suisse
83%
16: 191 destinations Norvège
81%
14: 191 destinations Belgique
80%
7: 193 destinations Finlande
77%
11: 192 destinations Danemark
75%
18: 191 destinations Royaume-Uni
74%
13: 192 destinations Pays-Bas
73%
10: 192 destinations Autriche
70%
12: 192 destinations Irlande
70%
8: 193 destinations Corée du Sud
68%
19: 190 destinations Grèce
66%
15: 191 destinations Luxembourg
65%
4: 194 destinations Singapour
41%
20: 190 destinations Malte
27%
Aucun quiz correspondant
Distribution des résultats
% des personnes avec chaque résultat
Percentile par nombre de réponses
Votre historique - résultats
Vous n’avez pas pris ce quiz